<?xml version="1.0" encoding="UTF-8"?>
<record
    xmlns:xsi="http://www.w3.org/2001/XMLSchema-instance"
    xsi:schemaLocation="http://www.loc.gov/MARC21/slim http://www.loc.gov/standards/marcxml/schema/MARC21slim.xsd"
    xmlns="http://www.loc.gov/MARC21/slim">

  <leader>00906nam a22002297a 4500</leader>
  <controlfield tag="005">20130524154218.0</controlfield>
  <datafield tag="010" ind1=" " ind2=" ">
    <subfield code="a">B-524220-223</subfield>
  </datafield>
  <datafield tag="020" ind1=" " ind2=" ">
    <subfield code="a">9781857436129  (v.1)</subfield>
  </datafield>
  <datafield tag="020" ind1=" " ind2=" ">
    <subfield code="a">9781857436136  (v.2)</subfield>
  </datafield>
  <datafield tag="020" ind1=" " ind2=" ">
    <subfield code="a">9781857436112 (set of 2 vols.)</subfield>
    <subfield code="c">PD 940.00  Rs.79176.20</subfield>
  </datafield>
  <datafield tag="035" ind1=" " ind2=" ">
    <subfield code="a">B-524220-223</subfield>
  </datafield>
  <datafield tag="037" ind1=" " ind2=" ">
    <subfield code="a">dpl</subfield>
    <subfield code="b">Prakashan Sansthan/Ven</subfield>
  </datafield>
  <datafield tag="082" ind1=" " ind2=" ">
    <subfield code="a">050</subfield>
  </datafield>
  <datafield tag="245" ind1=" " ind2=" ">
    <subfield code="a">The Europa world year book 2012 /</subfield>
    <subfield code="c">edited by Paul Kelly</subfield>
  </datafield>
  <datafield tag="250" ind1=" " ind2=" ">
    <subfield code="a">53rd ed.</subfield>
  </datafield>
  <datafield tag="260" ind1=" " ind2=" ">
    <subfield code="a">London</subfield>
    <subfield code="b">Routledge</subfield>
    <subfield code="c">2012</subfield>
  </datafield>
  <datafield tag="300" ind1=" " ind2=" ">
    <subfield code="a">2v, (xiv, 2570p. ; xiv,2571- 5137p.)</subfield>
    <subfield code="c">28 cm. (Hb)</subfield>
  </datafield>
  <datafield tag="500" ind1=" " ind2=" ">
    <subfield code="a">It includes index</subfield>
  </datafield>
  <datafield tag="505" ind1=" " ind2=" ">
    <subfield code="a">v.1-- International organizations; Countries : Afghanistan - Jordan. v.2-- Countries : Kazakhstan - Zimbabwe.</subfield>
  </datafield>
  <datafield tag="942" ind1=" " ind2=" ">
    <subfield code="2">ddc</subfield>
    <subfield code="c">EN</subfield>
    <subfield code="h">050</subfield>
    <subfield code="m">EUR</subfield>
  </datafield>
  <datafield tag="999" ind1=" " ind2=" ">
    <subfield code="c">76109</subfield>
    <subfield code="d">76109</subfield>
  </datafield>
  <datafield tag="952" ind1=" " ind2=" ">
    <subfield code="0">0</subfield>
    <subfield code="1">0</subfield>
    <subfield code="3">V-1</subfield>
    <subfield code="4">0</subfield>
    <subfield code="7">1</subfield>
    <subfield code="8">REF</subfield>
    <subfield code="a">L</subfield>
    <subfield code="b">L</subfield>
    <subfield code="d">2013-05-24</subfield>
    <subfield code="e">Prakashan Sansthan/030/29.4.13/160/8.2.13/16.5.13</subfield>
    <subfield code="g">79176.20</subfield>
    <subfield code="l">0</subfield>
    <subfield code="o">050 EUR</subfield>
    <subfield code="p">B-524220</subfield>
    <subfield code="r">2013-05-24 00:00:00</subfield>
    <subfield code="t">1</subfield>
    <subfield code="v">79176.20</subfield>
    <subfield code="w">2013-05-24</subfield>
    <subfield code="y">EN</subfield>
  </datafield>
  <datafield tag="952" ind1=" " ind2=" ">
    <subfield code="0">0</subfield>
    <subfield code="1">0</subfield>
    <subfield code="3">V-2</subfield>
    <subfield code="4">0</subfield>
    <subfield code="7">1</subfield>
    <subfield code="8">REF</subfield>
    <subfield code="a">L</subfield>
    <subfield code="b">L</subfield>
    <subfield code="d">2013-05-24</subfield>
    <subfield code="e">Prakashan Sansthan/030/29.4.13/160/8.2.13/16.5.13</subfield>
    <subfield code="g">79176.20</subfield>
    <subfield code="l">0</subfield>
    <subfield code="o">050 EUR</subfield>
    <subfield code="p">B-524221</subfield>
    <subfield code="r">2013-05-24 00:00:00</subfield>
    <subfield code="t">1</subfield>
    <subfield code="v">79176.20</subfield>
    <subfield code="y">EN</subfield>
  </datafield>
  <datafield tag="952" ind1=" " ind2=" ">
    <subfield code="0">0</subfield>
    <subfield code="1">0</subfield>
    <subfield code="3">V-1</subfield>
    <subfield code="4">0</subfield>
    <subfield code="7">1</subfield>
    <subfield code="8">REF</subfield>
    <subfield code="a">ZLSR</subfield>
    <subfield code="b">ZLSR</subfield>
    <subfield code="d">2013-05-24</subfield>
    <subfield code="e">Prakashan Sansthan/030/29.4.13/160/8.2.13/16.5.13</subfield>
    <subfield code="g">79176.20</subfield>
    <subfield code="l">0</subfield>
    <subfield code="o">050 EUR</subfield>
    <subfield code="p">B-524222</subfield>
    <subfield code="r">2013-05-24 00:00:00</subfield>
    <subfield code="t">1</subfield>
    <subfield code="v">79176.20</subfield>
    <subfield code="y">EN</subfield>
  </datafield>
  <datafield tag="952" ind1=" " ind2=" ">
    <subfield code="0">0</subfield>
    <subfield code="1">0</subfield>
    <subfield code="3">V-2</subfield>
    <subfield code="4">0</subfield>
    <subfield code="7">1</subfield>
    <subfield code="8">REF</subfield>
    <subfield code="a">ZLSR</subfield>
    <subfield code="b">ZLSR</subfield>
    <subfield code="d">2013-05-24</subfield>
    <subfield code="e">Prakashan Sansthan/030/29.4.13/160/8.2.13/16.5.13</subfield>
    <subfield code="g">79176.20</subfield>
    <subfield code="l">0</subfield>
    <subfield code="o">050 EUR</subfield>
    <subfield code="p">B-524223</subfield>
    <subfield code="r">2013-05-24 00:00:00</subfield>
    <subfield code="t">1</subfield>
    <subfield code="v">79176.20</subfield>
    <subfield code="y">EN</subfield>
  </datafield>
</record>
